003660000a22001330004500020001800000041000800018082001700026100003800043245005600081260003700137300001200174440004000186001000600226 a84-8280-421-90 aSPA04aG 863 G6439f1 aGonzález Zafra, Gustavo (1952-)10aLos frutos del paraíso / Gustavo González Zafra aBogotá, Colombia : Oveja Negra a153 Pag 0aBiblioteca de Literatura Colombiana11108